Mathematics: Applications and Connections Course 1. (Record no. 980)

MARC details
005 - DATE AND TIME OF LATEST TRANSACTION
control field 20250319131526.0
020 ## - INTERNATIONAL STANDARD BOOK NUMBER
International Standard Book Number 0-02-800852
082 ## - DEWEY DECIMAL CLASSIFICATION NUMBER
Classification number 513.93 BAL
100 ## - MAIN ENTRY--PERSONAL NAME
Author name BALCH,KAY.
245 ## - TITLE STATEMENT
Title Mathematics: Applications and Connections Course 1.
260 ## - PUBLICATION, DISTRIBUTION, ETC.
Place of publication, distribution, etc. California,
Name of publisher, distributor, etc. Macmillan,
Date of publication, distribution, etc. 1993.
300 ## - PHYSICAL DESCRIPTION
Extent xx,607p.: Ill.;figures.
Other physical details Index.
Dimensions 25cm.
700 ## - ADDED ENTRY--PERSONAL NAME
Other authors/Editors COLLINS,DRITSAS,FREY-MASON.
942 ## - ADDED ENTRY ELEMENTS (KOHA)
Source of classification or shelving scheme Dewey Decimal Classification
Koha item type Books
Holdings
Date last seen Total checkouts Full call number Barcode Cost, replacement price Price effective from Koha item type Lost status Source of classification or shelving scheme Damaged status Not for loan Withdrawn status Home library Current library Shelving location Date acquired Cost, normal purchase price
03/19/2025   513.93 BAL 0000003868 240000.00 03/19/2025 Books   Dewey Decimal Classification       College of Business Education Main Library College of Business Education Main Library General Collection 03/19/2025 80000.00
03/19/2025   513.93 BAL 0000003869 240000.00 03/19/2025 Books   Dewey Decimal Classification       College of Business Education Main Library College of Business Education Main Library General Collection 03/19/2025 80000.00
03/19/2025   513.93 BAL 0000003870 240000.00 03/19/2025 Books   Dewey Decimal Classification       College of Business Education Main Library College of Business Education Main Library General Collection 03/19/2025 80000.00
03/19/2025   513.93 BAL 0000003871 240000.00 03/19/2025 Books   Dewey Decimal Classification       College of Business Education Main Library College of Business Education Main Library General Collection 03/19/2025 80000.00
03/19/2025   513.93 BAL 0000003872 240000.00 03/19/2025 Books   Dewey Decimal Classification       College of Business Education Main Library College of Business Education Main Library General Collection 03/19/2025 80000.00